Normal view
MARC view
- Qureshi, Zahra
Entry Personal Name
001 - CONTROL NUMBER
- control field: 20156
003 - CONTROL NUMBER IDENTIFIER
- control field: NUST
005 - DATE AND TIME OF LATEST TRANSACTION
- control field: 20190911055455.0
008 - FIXED-LENGTH DATA ELEMENTS
- fixed length control field: 190911|| aca||aabn | a|a d
040 ## - CATALOGING SOURCE
- Original cataloging agency: NUST
- Transcribing agency: NUST
100 ## - HEADING--PERSONAL NAME
- Personal name: Qureshi, Zahra
670 ## - SOURCE DATA FOUND
- Source citation: Work cat.: (NUST): Qureshi, Zahra, Dynamic Analysis of the Hedgehog Signalling Pathway /, 2015.
